Operation research : (Record no. 52512)

MARC details
000 -LEADER
fixed length control field 00492nam a2200181Ia 4500
005 - DATE AND TIME OF LATEST TRANSACTION
control field 20260429112130.0
008 - FIXED-LENGTH DATA ELEMENTS--GENERAL INFORMATION
fixed length control field 260429s9999||||xx |||||||||||||| ||und||
020 ## - INTERNATIONAL STANDARD BOOK NUMBER
International Standard Book Number 9789352301904
041 ## - LANGUAGE CODE
Language English
082 ## - DEWEY DECIMAL CLASSIFICATION NUMBER
Classification number 658.4
Item number RAJ
100 ## - MAIN ENTRY--PERSONAL NAME
Personal name Raju, N. V. S.
245 #0 - TITLE STATEMENT
Title Operation research :
Remainder of title theory and practice /
Statement of responsibility, etc N. V. S. Raju
250 ## - EDITION STATEMENT
Edition statement 1st ed.
260 ## - PUBLICATION, DISTRIBUTION, ETC. (IMPRINT)
Place of publication, distribution, etc Hyderabad :
Name of publisher, distributor, etc Bs Publications,
Date of publication, distribution, etc 2024.
300 ## - PHYSICAL DESCRIPTION
Extent xvi, 642 p.; pbk
650 ## - SUBJECT ADDED ENTRY--TOPICAL TERM
Topical term or geographic name as entry element Operations research
942 ## - ADDED ENTRY ELEMENTS (KOHA)
Koha item type Text Books
Holdings
Withdrawn status Lost status Damaged status Not for loan Collection code Home library Location Shelving location Date of Cataloging Source of acquisition Total Checkouts Full call number Barcode Date last seen Price effective from Koha item type
        Non-fiction CUTN Central Library CUTN Central Library Medicine, Technology & Management 29/04/2026 TBH Library Book Suppliers, Chennai - Invoice No. SINV00732 on 09-02-2026   658.4 RAJ 57611 29/04/2026 29/04/2026 Text Books